La alianza centroamericana para el desarrollo sostenible y la gobernabilidad de las ciudades centroamericanas

محفوظ في:
التفاصيل البيبلوغرافية
المؤلف الرئيسي: Lungo Uclés, Mario
مؤلفون آخرون: Baires, Sonia del Carmen
التنسيق: غير معروف
منشور في: San José: FLACSO. Programa Costa Rica
الموضوعات:
الوسوم: إضافة وسم
لا توجد وسوم, كن أول من يضع وسما على هذه التسجيلة!

MARC

LEADER 00000 a2200000 04500
001 11757
003 cru CIDCACS/IIS
005 20200925160726.0
008 991231s1998 CR d
999 |c 17427  |d 17427 
040 |c CRAI/IIS  |a CRAI/IIS 
090 |a 14.04.03 L963g 
100 |a Lungo Uclés, Mario  
245 |a La alianza centroamericana para el desarrollo sostenible y la gobernabilidad de las ciudades centroamericanas  |c Mario Lungo Uclés y Sonia del Carmen Baires 
260 |a San José:   |b FLACSO. Programa Costa Rica  
300 |a 226 p.  
650 |a PLANES DE DESARROLLO  
650 |a GOBERNABILIDAD  
650 |a URBANIZACION  
650 |a ZONAS URBANAS  
700 1 |9 5869  |a Baires, Sonia del Carmen 
942 |2 ddc  |c LI 
773 0 |0 3697  |9 1487  |a Lungo Uclés, Mario   |d San José: FLACSO. Programa Costa Rica 1998  |o 18290  |t Gobernabilidad urbana en Centroamérica   |w (cru CIDCACS/IIS)11759